00141nam a22000737a 4500003000400000245003600004260001900040300000800059SGT aDental Clinics of North America bSaundersc2002 a902